000 01147nmc a2200373 a 4500
003 AR-BaBNM
005 20251128204420.0
008 015119s1989 ||||||||||||||000 | spa||
020 _a84-7665-451-0
040 _cAR-BaBNM
100 1 _aMonterde Mainar, Francisco
245 1 0 _aGuía práctica de técnicas de estudio
_bpara padres, educadores y estudiantes
250 _a1ª ed.
260 _aBarcelona
_bInstituto Monter
_c1989
300 0 _a117 p.
_bgráfs., tablas
490 0 _aMaestro
500 0 _aPPU: PROMOCIONES Y PUBLICACIONES UNIVERSITARIAS
504 _aBibliografía p. 117
650 4 _aDIFICULTADES EN EL APRENDIZAJE
650 4 _aMETODOS DE ESTUDIO
650 4 _aENSENANZA DE LAS MATEMATICAS
650 4 _aENSENANZA DE LA GEOGRAFIA
650 4 _aENSENANZA DE LA HISTORIA
650 4 _aENSENANZA DE LA LENGUA MATERNA
650 4 _aENSENANZA DE IDIOMAS
650 4 _aPLANIFICACION DE LA EDUCACION
650 4 _aTECNICAS DIDACTICAS
650 4 _aAPTITUD PARA LA LECTURA
650 4 _aMEJORA DE LA LECTURA
650 4 _aAPRENDIZAJE DE MEMORIA
650 4 _aATENCION
942 _cBK
998 _cCarmen
999 _c7357
_d7357